| 000 | 00831nmm a2200289 a 4500 | ||
|---|---|---|---|
| 003 | AR-BaBNM | ||
| 005 | 20251128211425.0 | ||
| 008 | 284020s2004 ||||||||||||||000 | spa|| | ||
| 040 | _cAR-BaBNM | ||
| 245 | 1 | 0 | _aVisiones de una Constitución |
| 260 |
_aBuenos Aires _bUniversidad de Ciencias Empresariales y Sociales _c2004 |
||
| 300 | _a616 p. | ||
| 650 | 4 | _aHISTORIA ARGENTINA | |
| 650 | 4 | _aDERECHO CONSTITUCIONAL | |
| 650 | 4 | _aCONSTITUCIONES | |
| 650 | 4 | _aDERECHOS CIVILES Y POLITICOS | |
| 650 | 4 | _aPODER POLITICO | |
| 650 | 4 | _aHISTORIA DEL DERECHO | |
| 650 | 4 | _aLEGISLACION ARGENTINA | |
| 650 | 4 | _aHISTORIA CONSTITUCIONAL | |
| 650 | 4 | _aFEDERALISMO ARGENTINO | |
| 650 | 4 | _aHISTORIA INSTITUCIONAL | |
| 651 | 4 | _aArgentina | |
| 700 | 1 |
_aAmaya, Jorge Alejandro _ecoordinador |
|
| 942 | _cBK | ||
| 998 | _cMariana | ||
| 999 |
_c19631 _d19631 |
||